000
00340nam a2200157Ia 4500
005
20250425160843.0
008
250425s9999 xx 000 0 und d
041
_a
eng
082
_a
IBM4381
245
0
_a
BOUNDARY LAYER THEORY
250
_a
S.E.
260
_a
S.L.
260
_a
Sin Pais
_b
S.E.
_c
1900
942
_c
01
010
_a
6894
999
_c
197551
_d
197551